| 000 | 00435nam a2200181Ia 4500 | ||
|---|---|---|---|
| 001 | 12773 | ||
| 003 | IN-NITTTR | ||
| 005 | 20251114233119.0 | ||
| 008 | 251113s9999||||xx |||||||||||||| ||eng|| | ||
| 040 | _beng | ||
| 040 | _cIN-NITTTR | ||
| 041 | _aeng | ||
| 082 | _a005.13 P943 | ||
| 100 | _aHill, I. D. | ||
| 245 | 0 |
_aProgramming language standardisation / _cHill, I. D., Meek, B. L. |
|
| 700 | _a Meek, B. L. | ||
| 942 |
_2ddc _cBK |
||
| 999 |
_c15409 _d15409 |
||